| 000 | 00926cam a22002897a 4500 | ||
|---|---|---|---|
| 003 | CHAP | ||
| 005 | 20220329133157.0 | ||
| 008 | 971013s1981 r 00010 d | ||
| 010 | _a3028 | ||
| 011 | _a4000 | ||
| 035 | _a3201 | ||
| 040 | _cCHAP | ||
| 082 |
_a631.455 _bM5 |
||
| 110 |
_aMéxico. Dirección General de Conservación del Suelo y Agua _976965 |
||
| 245 | 0 | _aInventario de áreas erosionadas en el estado de Querétaro | |
| 260 |
_aMéxico, D. F. : _bLa Dirección, _c1981 |
||
| 300 | _a39 p | ||
| 590 |
_aBATCH-UPD _b10 _c20130110 _lUCH01 _h1524 |
||
| 590 |
_aBATCH-UPD _b10 _c20130410 _lUCH01 _h0934 |
||
| 590 |
_aBATCH-UPD _b10 _c20130914 _lUCH01 _h1315 |
||
| 590 |
_aCONVERSION _b10 _c20130109 _lUCH01 _h1303 |
||
| 650 | 1 | 4 |
_aErosión. _937335 |
| 650 | 1 | 4 |
_aSuelos _xQuerétaro. _9110468 |
| 901 | _aBK | ||
| 942 | _cLIBRO | ||
| 949 |
_a631.455 M5 _bBC _cLIBRO _d33724000563557 _eLIBRO _gI. c/e _h81158 _i3201 _si _t8000.00 |
||
| 999 |
_c3028 _d3028 |
||